000 00254nam a2200109Ia 4500
008 190216s9999||||xx |||||||||||||| ||und||
100 _aCompetition Success
245 0 _aSuccess Iit
260 _bSudha Pubs Pvt Ltd
_c1979
300 _a969p
942 _cREF
999 _c36467
_d36467